Introducción a la bioestadística /

Guardado en:
Autor Principal: Bancroft, Huldah
Formato: Libro
Publicado: Buenos Aires : Eudeba, 1960
Edición:10a. ed.
Materias:
Etiquetas: Agregar Etiqueta
Sin Etiquetas, Sea el primero en etiquetar este registro!
LEADER 00549nam a22001935a 4500
001 CEM.cems015707
005 20120628165504.0
008 130507s1960##################000#0#####d
003 CEMS
082 0 4 |a 574.94 
100 1 |a Bancroft, Huldah 
245 1 0 |a Introducción a la bioestadística /  |c Huldah Bancroft, 
250 |a 10a. ed. 
260 |a Buenos Aires :  |b Eudeba,  |c 1960 
300 |a 246 p. 
653 |a Biología 
653 |a Bioestadística 
653 |a Estadística aplicada 
859 |a CEMS  |b BIB. CEMS - Agricultura  |h 574.94  |i B221a10  |p A11518.82  |t Ej.1